| 000 | 00886nam a22002297a 4500 | ||
|---|---|---|---|
| 005 | 20240530110930.0 | ||
| 008 | 220221s1991 ua c g b 000 0 ara d | ||
| 017 | _bمصر. دار الكتب | ||
| 040 |
_aEG-CaGPL _cEG-CaGPL |
||
| 082 | 0 | 4 |
_221 _a413.1/ _bف م |
| 100 | 0 | _aابى الحسين احمد بن فارس بن زكريا | |
| 245 | 1 | 0 |
_aمعجم مقاييس اللغة / _c تاليف ابى الحسين احمد بن فارس بن زكريا ؛ محقق عبدالسلام محمد هارون |
| 260 |
_aبيروت : _bدار الجيل، _c1991 |
||
| 300 |
_a12 مج ؛ _c24 سم |
||
| 500 | _a12 مجلد | ||
| 650 | 0 | 7 |
_aمعاجم _2qrmak _xاللغة العربية |
| 650 | 0 | 7 |
_aمقاييس اللغة _2qrmak |
| 651 | _2qrmak | ||
| 700 |
_aعبدالسلام محمد هارون _eمحقق |
||
| 942 |
_2ddc _cBK |
||
| 999 |
_c66642 _d66642 |
||